[Event "FIDE Chesscom Online Nations Cup"]
[Site "Online"]
[Date "2020.05.05"]
[Round "1"]
[White "Muzychuk, Mariya"]
[Black "Hou, Yifan"]
[Result "0-1"]
[WhiteElo "2506"]
[BlackElo "2621"]
[Annotator "TA"]
[PlyCount "128"]
[EventDate "2020.05.05"]
[EventType "team-tourn"]
[SourceTitle "playchess.com"]
[Source "ChessBase"]
[SourceQuality "1"]
[WhiteTeam "Rest of the World "]
[BlackTeam "CHN"]
[WhiteTeamCountry "UKR"]
[BlackTeamCountry "CHN"]

{[%evp 13,128,12,9,14,12,7,7,11,17,18,25,24,27,16,35,35,35,30,43,43,43,30,30,30,30,30,29,29,45,30,30,29,30,30,29,29,29,22,22,22,22,22,29,0,29,0,0,0,0,-149,-140,-129,-129,-130,-104,-272,-102,-281,-275,-252,-170,-164,-161,-175,-118,-229,-178,-239,-140,-132,-132,-141,-139,-312,-317,-295,-287,-296,-285,-443,-441,-470,-470,-467,-436,-443,-443,-443,-432,-345,-49,-72,-45,-178,-162,-464,-487,-741,-289,-894,-859,-29973,-29974,-29973,-29974,-29974,-29975,-29973,-29973,-29967,-29965,-29982,-29983,-29986,-29982,-29988,-29989]} 1. e4 c5 2. Nf3 d6 3. Bb5+ Bd7 4. Bxd7+ Qxd7 5. c4 e5 6. Nc3 Nc6 7. d3 g6 8. a3 {B52: Sicilian: Moscow Variation with 3...Bd7.} Bg7 9. b4 {is now more promising than 9.Rb1.} Nge7 10. Rb1 {The position is equal.} O-O 11. O-O h6 12. Nd5 f5 {[#]} 13. b5 $146 ({Predecessor:} 13. Be3 b6 14. bxc5 dxc5 15. a4 g5 16. Ne1 Na5 17. Bd2 Nec6 18. exf5 Rxf5 19. Nc2 {½-½ (30) Mihalik,A (2206)-Farkas,T (2317) Budapest 2019}) 13... Nd8 14. Nh4 Nxd5 15. cxd5 Kh7 16. exf5 g5 17. Nf3 Qxf5 18. Qb3 Nf7 {[%cal Bd8f7,Bf7h8,Bh8g6,Bg6e7,Be7f5,Bf5d4,Bd4c2][%mdl 32]} 19. Nd2 Nh8 20. Ne4 Qd7 21. Be3 Ng6 22. f3 Rad8 23. Qc4 Kh8 24. a4 Qf7 25. a5 Ne7 26. Nc3 Nf5 27. Bd2 Nd4 28. Be3 Nc2 29. Qe4 Nxe3 30. Qxe3 e4 31. Qd2 {[#]} (31. fxe4 $11 Qc7 32. Rxf8+ Rxf8 33. b6) 31... e3 $1 $36 {[%mdl 2560] Black has strong initiative.} 32. Qc2 (32. Qxe3 Bd4) 32... Be5 33. g3 Rde8 34. Kg2 $2 (34. Ne2 $17 {was necessary.}) 34... Kg8 $2 (34... Bxc3 $1 $19 35. Qxc3+ Kg8) 35. Rbe1 $2 (35. Ne2 $17 {is a better defense.}) 35... Bxc3 $1 $19 36. Qxc3 Qxd5 37. Qc4 Rf5 38. Re2 Kf8 (38... Kg7 $19 39. g4 Rfe5) 39. Qc3 (39. g4 $17 {keeps fighting.} Rfe5 40. a6) 39... Kf7 40. Qc2 (40. Qc4 $142) 40... g4 (40... h5 $19 41. Qc4 Kg6) 41. Qc4 $17 Qxc4 ({Much worse is} 41... gxf3+ $6 42. Rxf3 $1 {[%mdl 512]} Kg6 43. Qg4+ Rg5 44. Qf4 $11) 42. dxc4 {[%mdl 4096] Endgame KRR-KRR} h5 43. f4 $2 (43. b6 $17) 43... d5 $19 44. cxd5 Rxd5 45. Rc1 Re4 46. Rc3 (46. h4 $142) 46... c4 47. Rcxe3 Rxe3 48. Rxe3 Rxb5 {KR-KR} 49. Rc3 Rxa5 50. Rxc4 {intending Rc7+.} Ra2+ 51. Kg1 Rb2 $2 (51... b5 $19 52. Rb4 a6) 52. Rc5 $15 Kg6 {White must now prevent ...b6.} 53. Rg5+ (53. Ra5 $1 $15) 53... Kh6 $1 $19 54. Rg8 $2 (54. Rc5) 54... a5 {[%cal Ba7a5,Ba5a4,Ba4a3,Ba3a2][%mdl 32]} 55. f5 (55. Rh8+ $142 Kg6 56. Ra8) 55... Rb5 $2 (55... Rb6 {Strongly threatening ...a4.} 56. Ra8 Ra6) 56. Rg6+ $2 (56. f6 Rf5 57. Rb8) 56... Kh7 57. Rg5 {[#]} a4 $1 {[%cal Ra4a3] Black mates.} 58. Rxh5+ Kg8 59. Rg5+ Kf7 60. Rxg4 Ra5 61. Rd4 a3 62. Rd1 a2 63. Ra1 {[#]} b5 $1 {[%cal Bb7b5,Bb5b4][%mdl 32]} 64. g4 b4 {Accuracy: White = 50%, Black = 69%.} 0-1

[Event "FIDE Chesscom Online Nations Cup"]
[Site "Online"]
[Date "2020.05.05"]
[Round "1"]
[White "Goryachkina, Aleksandra"]
[Black "Muzychuk, Anna"]
[Result "1/2-1/2"]
[WhiteElo "2502"]
[BlackElo "2533"]
[Annotator "TA"]
[PlyCount "72"]
[EventDate "2020.05.05"]
[EventType "team-tourn"]
[SourceTitle "playchess.com"]
[Source "ChessBase"]
[SourceQuality "1"]
[WhiteTeam "RUS"]
[BlackTeam "Europe"]
[WhiteTeamCountry "RUS"]
[BlackTeamCountry "UKR"]

{[%evp 21,72,0,15,8,0,0,0,0,41,45,74,59,183,124,208,170,245,240,279,262,342,245,241,69,218,104,117,112,147,12,135,87,116,15,13,0,0,0,0,0,0,0,0,0,0,0,0,0,0,0,0,0,0]} 1. d4 d5 2. c4 c6 3. Nf3 Nf6 4. Nc3 e6 5. e3 Nbd7 6. Qc2 Bd6 7. b3 O-O 8. Be2 b6 9. O-O Bb7 10. Bb2 Qe7 11. Rfe1 Rfe8 12. e4 {D45: Semi-Slav: 5 e3.} Nxe4 13. Nxe4 dxe4 14. Qxe4 f5 15. Qc2 c5 16. d5 $1 {aiming for Bd3.} exd5 {[#]} (16... Qf7 $14) 17. cxd5 $146 ({Predecessor:} 17. Bd3 Qf7 18. Bxf5 Nf8 19. cxd5 Bxd5 20. Be4 Bxe4 21. Rxe4 Rxe4 22. Qxe4 Re8 23. Qd3 {½-½ (29) Adler,J (2340)-Pelletier,Y (2245) Switzerland 1993}) 17... Qf7 (17... Nf6 $16) 18. Bc4 Rxe1+ ({Don't blunder} 18... Bxd5 $2 19. Ng5 $18) (18... Qh5 $142 19. Bb5 Red8) 19. Rxe1 b5 20. Bxb5 {Black must now prevent Re6.} Bxd5 21. Rd1 {Strongly threatening Rxd5!} Nb6 22. Ne5 $2 ({White must play} 22. Ng5 $1 $18 {[%cal Rg5f7]} Qh5 23. Nf3 $1 {[%mdl 512]}) 22... Qe6 {[#]} (22... Bxe5 $1 $14 23. Bxe5 Rc8) 23. f4 (23. Nd7 $1 $18 {[%cal Rd7b6]} Kh8 24. Qc3 (24. Nxc5 Qh6 $16)) 23... Rd8 24. Bd3 Rf8 {[#]} 25. Qc3 (25. g4 $1 $16 {[%mdl 512]}) 25... Qh6 (25... Bxe5 $11 26. Qxe5 (26. fxe5 f4 $14) 26... Qxe5 27. fxe5 (27. Bxe5 c4 $14) 27... c4 28. bxc4 Bxc4) 26. Qd2 Be7 27. Bc4 (27. Qf2 $16) 27... Bxc4 $11 {The position is equal.} 28. Nxc4 Rd8 29. Qe2 {Rxd8+ would kill now.} Rxd1+ 30. Qxd1 Qxf4 31. Nxb6 axb6 32. Qd5+ Kf8 33. Qa8+ Kf7 {And now ...Qe3+ would win.} 34. Qd5+ Kf8 35. Qa8+ Kf7 {...Qe3+ is the strong threat.} 36. Qd5+ Kf8 {Black defended with fortune. Accuracy: White = 56%, Black = 30%.} 1/2-1/2

[Event "FIDE Chesscom Online Nations Cup"]
[Site "Online"]
[Date "2020.05.05"]
[Round "1"]
[White "Zatonskih, Anna"]
[Black "Koneru, Humpy"]
[Result "0-1"]
[WhiteElo "2327"]
[BlackElo "2483"]
[Annotator "TA"]
[PlyCount "84"]
[EventDate "2020.05.05"]
[EventType "team-tourn"]
[SourceTitle "playchess.com"]
[Source "ChessBase"]
[SourceQuality "1"]
[WhiteTeam "USA"]
[BlackTeam "IND"]
[WhiteTeamCountry "USA"]
[BlackTeamCountry "IND"]

{[%evp 16,84,0,0,0,0,0,0,0,0,8,1,5,3,12,9,50,-20,-6,-14,0,0,0,0,10,11,22,0,0,0,0,0,19,-21,-15,-42,-47,-94,-88,-99,-85,-86,-18,-8,40,47,56,74,76,68,103,101,110,-916,-912,-936,-925,-904,0,-908,15,20,42,-153,-170,-172,0,-29994,-29995,-29995,-29996]} 1. e4 e5 2. Nf3 Nc6 3. Nc3 Nf6 4. d4 exd4 5. Nxd4 Bb4 6. Nxc6 bxc6 7. Bd3 O-O 8. O-O d5 9. Bd2 Rb8 $1 {[%mdl 4] is currently scoring better than 9...Bxc3. Played by Magnus Carlsen in January 2020. C47: Scotch Four Knights and Four Knights with 4 g3.} 10. Re1 Re8 11. a3 Bd6 {[#] The position is equal.} 12. Bg5 $146 ({Predecessor:} 12. h3 Bd7 13. b4 a5 14. exd5 Rxe1+ 15. Bxe1 axb4 16. dxc6 Bxc6 17. axb4 Bxb4 18. Rb1 {½-½ (25) Karjakin,S (2754)-So,W (2760) Bucharest 2019}) 12... d4 13. Na4 h6 14. Bh4 c5 15. b3 Bb7 16. Qf3 (16. Qd2 $14) 16... g5 $11 17. Bg3 c4 18. Bxc4 Bxe4 19. Qd1 Bxg3 20. hxg3 Qd6 21. Qd2 Kg7 22. Nb2 Ba8 23. Bd3 Rxe1+ 24. Qxe1 Re8 25. Qd2 Qd5 {[%csl Ga8][%cal Rd5g2]} 26. f3 g4 $1 {[%cal Rg4f3]} 27. Rf1 gxf3 28. Rxf3 Qh5 (28... Ng4 $17 {aiming for ...Qh5.} 29. Bf5 (29. Bc4 $2 Qh5 $19) 29... Ne3) 29. Rf5 $132 {[%mdl 2048] White is fighting back} Qg4 (29... Qg6 $5 {[%cal Rg6g3]}) 30. Qf2 Re6 31. Rf4 Qg5 32. Nc4 Kg8 33. Bf5 Re7 34. Rxd4 $2 {[%mdl 8192]} (34. Nd2 $16) 34... Qc1+ $1 $19 35. Kh2 Re1 $1 {[%csl Gc1][%cal Re1h1]} 36. g4 Rh1+ 37. Kg3 {[#] Hoping for Rd8+.} Kg7 $2 (37... Qg5 $1 $19 {[%csl Gg5,Gh1][%cal Rf6h5][%mdl 512]} 38. Qe2 Kg7) 38. Ne3 $11 {Bd3 is the strong threat.} Re1 39. Rd3 $2 (39. Rd2 $14 {stays ahead.}) 39... Be4 $17 40. Rc3 Qa1 $2 (40... Kg8 $19 {Strongly threatening ...Bxf5.} 41. Bc8 {[#]} Bd3 $1 {[%mdl 576] Pin}) 41. Rxc7 $2 {[%mdl 8192]} (41. Qd2 $11) 41... Qe5+ {[%mdl 64] Double Attack} 42. Qf4 Rxe3+ {Accuracy: White = 69%, Black = 77%.} 0-1

[Event "FIDE Chesscom Online Nations Cup"]
[Site "Online"]
[Date "2020.05.05"]
[Round "2"]
[White "Vachier-Lagrave, Maxime"]
[Black "Ding, Liren"]
[Result "1/2-1/2"]
[WhiteElo "2860"]
[BlackElo "2836"]
[Annotator "TA"]
[PlyCount "79"]
[EventDate "2020.05.05"]
[EventType "team-tourn"]
[SourceTitle "playchess.com"]
[Source "ChessBase"]
[SourceQuality "1"]
[WhiteTeam "Europe"]
[BlackTeam "CHN"]
[WhiteTeamCountry "FRA"]
[BlackTeamCountry "CHN"]

{[%evp 11,79,0,0,0,0,0,0,0,0,0,0,0,0,0,18,16,16,14,16,17,19,27,26,20,16,14,24,10,14,10,10,10,10,14,20,7,7,7,7,-5,-5,-5,-5,-5,-5,-5,-5,-5,-5,-12,0,0,0,0,0,0,0,0,0,0,0,0,0,0,0,0,0,0,0,0]} 1. d4 Nf6 2. c4 e6 3. Nc3 Bb4 4. Qc2 O-O 5. e4 d5 6. e5 Ne4 $1 7. Nf3 {E32: Nimzo-Indian: Classical (4 Qc2): 4...0-0.} c5 $1 8. Bd3 cxd4 9. Nxd4 Nd7 10. Bf4 Qh4 11. g3 Qh5 12. O-O g5 13. cxd5 gxf4 14. dxe6 Nxc3 15. exd7 fxg3 16. hxg3 Bxd7 {[#] Hoping for ...Ba4.} 17. bxc3 Rac8 18. Bf5 Bxc3 19. Bxd7 Bxa1 {The position is equal.} 20. Bxc8 Bxd4 21. Kg2 Qxe5 22. Bxb7 Rb8 {[#]} 23. Rh1 $146 ({Predecessor:} 23. Rb1 Kg7 24. Qd3 Qf6 25. Qe2 Re8 26. Qg4+ Kf8 27. Bf3 Qg6 28. Qxd4 Qxb1 29. Qh8+ Ke7 30. Qe5+ Kf8 31. Qh8+ Ke7 32. Qe5+ {½-½ (32) Leko,P (2732)-Dominguez Perez,L (2726) Tashkent 2012}) 23... h5 24. Rh4 Kg7 $132 {[%mdl 2048] Black is fighting back} 25. Re4 Qf5 26. Qd2 {[#]} Qxf2+ $1 {[%mdl 512]} 27. Qxf2 Bxf2 28. Kxf2 {And now Bd5 would win.} Rxb7 $11 {[%mdl 4096] Endgame KR-KR} 29. Ra4 $1 Kg6 30. Kf3 Kg5 31. Ra5+ f5 32. Ra4 Rc7 33. Kg2 Rd7 34. Kf3 Rf7 35. Ra5 Rc7 36. Ra4 Rc3+ 37. Kg2 Rc7 38. Kf3 Rc3+ 39. Kg2 Rc7 40. Kf3 {Not much happened in this game. Accuracy: White = 100%, Black = 100%.} 1/2-1/2

[Event "FIDE Chesscom Online Nations Cup"]
[Site "Online"]
[Date "2020.05.05"]
[Round "2"]
[White "Nepomniachtchi, Ian"]
[Black "Nakamura, Hikaru"]
[Result "0-1"]
[WhiteElo "2778"]
[BlackElo "2829"]
[Annotator "TA"]
[PlyCount "276"]
[EventDate "2020.05.05"]
[EventType "team-tourn"]
[SourceTitle "playchess.com"]
[Source "ChessBase"]
[SourceQuality "1"]
[WhiteTeam "Russia"]
[BlackTeam "United States"]
[WhiteTeamCountry "RUS"]
[BlackTeamCountry "USA"]

{[%evp 14,276,20,6,21,11,11,10,29,27,27,14,17,16,19,17,15,15,18,11,27,24,8,14,25,19,31,31,38,38,30,22,30,29,31,30,34,18,38,39,70,63,65,54,77,77,76,66,68,72,56,37,41,35,35,35,88,53,35,35,35,35,35,27,93,27,27,27,27,27,27,27,27,27,27,0,20,0,0,0,0,0,0,0,0,0,0,0,0,0,0,0,0,0,0,0,0,0,0,0,0,0,0,0,0,0,0,0,0,0,0,0,0,0,0,0,0,0,0,0,0,0,0,0,0,0,0,0,0,0,0,0,0,0,0,0,0,0,0,0,0,0,0,0,0,0,0,0,0,0,0,0,0,0,0,0,0,0,0,0,0,0,0,0,0,0,0,0,0,0,0,0,0,0,0,1,8,8,8,0,0,0,0,0,0,0,0,0,0,0,0,0,0,0,0,0,0,-8,-8,-180,-179,-165,-159,-144,-144,-259,-187,-189,-180,-386,-386,-433,-433,-425,-425,-410,-352,-329,-61,-294,-264,-273,-283,-411,-410,-392,-412,-412,-409,-389,-196,-385,-350,-531,-521,-859,-839,-29969,-29964,-29966,-29964,-7756,-5093,-29969,-29969,-29970,-29970,-29969,-29967,-29977,-29979,-29979,-29980,-29979,-29980,-29982,-29983,-29984,-29985,-29986,-29987,-29987,-29988,-29988,-29989]} 1. d4 Nf6 2. c4 e6 3. Nf3 d5 4. Nc3 Be7 5. Bf4 O-O 6. e3 Nbd7 (6... c5 7. dxc5 Bxc5 8. cxd5 Nxd5 9. Nxd5 exd5 10. Bd3 Bb4+ 11. Nd2 Nc6 12. O-O Be7 13. Rc1 Qb6 14. Qc2 Nb4 15. Bxh7+ Kh8 16. Qc7 Qxc7 17. Rxc7 Bd8 18. Bd6 Bxc7 19. Bxf8 a5 20. Bb1 Be5 21. b3 Bg4 22. Bc5 Rc8 23. Bb6 Nxa2 24. Bxa2 Rc2 25. Nf3 Bxf3 26. gxf3 Rxa2 {1-0 (69) Nepomniachtchi,I (2774)-Nakamura,H (2743) Saint Louis 2019}) 7. c5 {7.Be2 injects fresh life into this line. Played by Hikaru Nakamura in February 2020.} c6 8. h3 b6 {D37: Queen's Gambit Declined: 5 Bf4.} 9. b4 a5 10. a3 $1 h6 {The position is equal.} 11. Qc1 Bb7 12. Bd3 Qc8 13. O-O Ba6 14. Bxa6 Rxa6 15. Qb2 Qb7 {[%cal Rb6c5]} 16. Rfb1 axb4 17. axb4 Rxa1 18. Qxa1 Ra8 19. Qb2 {[#]} Nh5 $5 $146 {[%mdl 8] An interesting novelty.} ({Predecessor:} 19... Bd8 20. Ra1 bxc5 21. Rxa8 Qxa8 22. bxc5 Qa6 23. Qa2 Qa5 24. Qxa5 Bxa5 25. Na2 Ne4 26. Nc1 f6 {½-½ (44) Moiseenko,A (2709)-Sargissian,G (2676) Warsaw 2013}) 20. Bh2 Bd8 21. Ra1 Nhf6 22. g4 Ne8 23. Rxa8 Qxa8 24. Qa2 Qb7 25. Qa4 b5 26. Qa1 Bc7 27. Bxc7 Nxc7 28. Qa5 f6 29. Ne2 Kf7 30. Nc1 g5 31. Nd3 Ke7 32. Nd2 Kd8 33. Nb3 (33. f4 {is more complex.} Nf8 34. e4 Ng6 35. f5 exf5 36. exf5 Nh4 37. Nb3) 33... Qa6 34. f4 Qxa5 (34... Nf8 $14) 35. Nxa5 $14 {[%mdl 4096] Endgame KNN-KNN} (35. bxa5 {looks sharper.} Na6 36. h4 gxh4 37. Kg2 Nf8 38. f5) 35... Nb8 36. Kf2 Ne8 37. Kg3 Kc7 38. h4 Nd7 (38... gxh4+ $1 $11 39. Kxh4 Ng7) 39. Nb3 ({White should play} 39. h5 $16) 39... gxh4+ $11 40. Kxh4 {Strongly threatening Kh5.} Ng7 $1 41. Nd2 Nf8 42. Nf3 Ng6+ 43. Kg3 Kd8 44. Nh4 Ne7 45. Kf3 Ke8 46. Nc1 Kf7 47. Nb3 h5 48. Na5 hxg4+ 49. Kxg4 Ne8 50. f5 Nc7 51. fxe6+ Kxe6 52. Ng2 $1 Ne8 53. Nf4+ Kd7 54. Nh5 Kc7 55. Nb3 Kd7 56. Nc1 Ke6 57. Nf4+ Kf7 58. Nb3 Ng7 59. Na5 Ngf5 60. Kf3 Nh4+ 61. Kg3 Nhf5+ 62. Kf2 Ng7 63. Nb7 Ke8 64. Kf3 Kd7 65. Na5 Nef5 66. Kf2 Ne7 67. Kf3 Nef5 68. Nb3 Nh4+ 69. Kf2 Nhf5 70. Nd2 Ke7 71. Nf3 Kf7 72. Nh2 Ke7 73. Ng4 Kf7 74. Kf3 Nh4+ 75. Ke2 Nhf5 76. Nf2 Ng3+ 77. Kf3 N3f5 78. Nd1 Nh4+ 79. Kf2 Nhf5 80. Nc3 Ne8 81. Kf3 Nc7 82. Nce2 Na6 83. Nd3 Nc7 84. Nec1 Ne6 85. Nb3 Ke8 86. Nf2 Kf7 87. Na5 Nd8 88. Ng4 Kg6 89. Nf2 Kf7 90. Nd3 Kg6 91. Nf4+ Kf7 92. Ng2 Kg6 93. Kf4 Ne6+ 94. Kg4 Nh6+ 95. Kf3 {And now Nf4+ would win.} Nd8 $1 96. Nf4+ Kf5 97. Nh5 Kg6 98. Ng3 Nhf7 99. e4 Ng5+ 100. Ke3 dxe4 101. Nxe4 Nge6 102. Nc3 Nc7 103. Kf4 Na6 104. Na2 Nc7 105. Ke4 f5+ 106. Ke5 $2 {White is on the road to losing.} (106. Kf4 $1 $11 {and White is okay.}) 106... Nf7+ $19 107. Kf4 Nd5+ $1 108. Kf3 Nd8 109. Kg3 (109. Nc1 $17) 109... Kh5 110. Kf3 Kg5 111. Kg3 $2 (111. Nb3 {was necessary.}) 111... f4+ 112. Kf3 Kf5 113. Nc1 Nxb4 114. Ne2 Nd5 115. Nc1 Nc7 $2 (115... Ne7 $1 $19 {White must now prevent ...Ne6.} 116. Nd3 Ne6) 116. Nd3 $2 (116. Na2 $1 $15) 116... Nce6 117. Nb3 {[#]} Ng5+ $1 118. Kf2 {[#]} (118. Ke2 {only move.}) 118... Ke4 $1 {[%cal Re4d3]} 119. Nb4 Nge6 120. d5 cxd5 121. c6 {and the idea Nc5+! leaves White hopeful.} Ke5 (121... Nc7 $142 122. Ke2 Nde6) 122. Na5 $2 (122. Kf3) 122... Nc7 123. Kf3 (123. Ke2 $142) 123... Nde6 124. Nd3+ Kd4 125. Nxf4 Nxf4 126. Kxf4 {KN-KN} Kc3 127. Nb7 b4 128. Nc5 Kc4 {Black mates.} 129. Na4 Kb5 130. Nb2 Kxc6 131. Ke5 Kc5 132. Na4+ Kc4 133. Kd6 d4 134. Kxc7 d3 135. Kb6 d2 136. Nb2+ Kb3 137. Nd1 Kc2 138. Ne3+ Kc1 {Accuracy: White = 80%, Black = 92%.} 0-1

[Event "FIDE Chesscom Online Nations Cup"]
[Site "Online"]
[Date "2020.05.05"]
[Round "2"]
[White "Caruana, Fabiano"]
[Black "Artemiev, Vladislav"]
[Result "1-0"]
[WhiteElo "2773"]
[BlackElo "2769"]
[Annotator "TA"]
[PlyCount "111"]
[EventDate "2020.05.05"]
[EventType "team-tourn"]
[SourceTitle "playchess.com"]
[Source "ChessBase"]
[SourceQuality "1"]
[WhiteTeam "United States"]
[BlackTeam "Russia"]
[WhiteTeamCountry "USA"]
[BlackTeamCountry "RUS"]

{[%evp 16,111,17,17,3,11,12,0,0,20,9,0,12,14,0,0,14,11,35,6,23,0,0,0,17,7,15,8,14,12,25,35,47,1,10,7,7,9,83,80,80,80,80,80,220,57,57,51,51,51,61,57,57,57,57,50,57,61,88,88,88,88,238,238,238,238,224,218,744,664,868,868,868,677,543,536,1911,1754,1633,1505,1466,1366,3975,2874,12459,11002,29966,29966,11972,7671,29969,29970,29961,29969,29971,29971,29961,29967]} 1. c4 e5 2. g3 Nc6 3. Bg2 g6 4. Nc3 Bg7 5. Nf3 Nf6 6. d4 exd4 7. Nxd4 O-O 8. O-O Re8 9. Nc2 d6 {A29: English Opening: Four Knights Variation with 4 g3.} 10. Qd2 $5 {[%mdl 4] A promising side line.} a5 11. b3 {[#]} Bf5 $146 {The position is equal.} ({Predecessor:} 11... Nb4 12. Bb2 Nxc2 13. Qxc2 Bf5 14. Qc1 c6 15. Qd2 Ne4 16. Nxe4 Bxb2 17. Qxb2 Bxe4 {½-½ (36) Matlakov,M (2700)-Artemiev,V (2709) St Petersburg 2018}) 12. Ne3 Be4 {Black wants to play ...Bxg2.} 13. Bb2 Bxg2 14. Nxg2 Nd7 15. Nd5 Bxb2 16. Qxb2 Nb4 (16... Nce5 {looks sharper.} 17. Qd4 a4 18. b4 f5 19. Rfd1 c6) 17. Ngf4 Nxd5 18. cxd5 (18. Nxd5 {keeps more tension.} a4 19. Rfd1 c6 20. Nc3 axb3 21. axb3 Rxa1 22. Qxa1 Qf6 23. Qb2) 18... Qf6 19. Qd2 Nc5 20. f3 Qe5 21. e4 b5 22. Rac1 f5 23. exf5 Qxf5 24. Rfe1 (24. Ne6 $5 Nxe6 25. dxe6 $14) 24... b4 25. Qd4 Qf7 26. Ne6 Nxe6 (26... Rac8 $11) 27. dxe6 $16 Rxe6 28. Rxe6 Qxe6 29. Rxc7 {[%csl Gc7][%cal Rd4g7]} Qe5 (29... Qe1+ $16 {keeps fighting.} 30. Kg2 Qe2+ 31. Kh3 Qe5 32. Qxe5 dxe5) 30. Qxe5 $2 ({Only move:} 30. Qh4 $18 Qe1+ 31. Kg2 Qe2+ 32. Kh3 Qf1+ 33. Kg4 h5+ 34. Kg5 Qxf3 35. Kxg6 Qd3+ 36. Kxh5 Qe2+ 37. Qg4+ Qxg4+ 38. Kxg4) 30... dxe5 $18 {[%mdl 4096] Endgame KR-KR} 31. Rc5 a4 32. Rxe5 axb3 33. axb3 Ra1+ 34. Kg2 Rb1 35. Re3 Rb2+ 36. Kh3 h5 {[#] White stays focused until the end.} 37. g4 $1 hxg4+ 38. fxg4 g5 (38... Kg7 $16) 39. Kg3 Rb1 40. h3 Kf7 41. Kf3 Rf1+ $2 {[#]} (41... Rc1 42. Rd3 Ke6) 42. Ke4 $1 Ke6 43. Kd4+ Kd6 44. Kc4 Rf4+ 45. Kb5 Rd4 46. Re8 Rf4 47. Rg8 Rf3 48. Kxb4 Rxh3 49. Rxg5 Rh1 50. Kb5 Rg1 51. b4 Rb1 52. Rg8 Rb2 53. g5 {White mates.} Ke6 54. g6 Kf6 55. Kc5 Rc2+ 56. Kb6 {Accuracy: White = 82%, Black = 56%.} 1-0

[Event "FIDE Chesscom Online Nations Cup"]
[Site "Online"]
[Date "2020.05.05"]
[Round "2"]
[White "Radjabov, Teimour"]
[Black "Anand, Viswanathan"]
[Result "1/2-1/2"]
[WhiteElo "2758"]
[BlackElo "2751"]
[Annotator "TA"]
[PlyCount "53"]
[EventDate "2020.05.05"]
[EventType "team-tourn"]
[SourceTitle "playchess.com"]
[Source "ChessBase"]
[SourceQuality "1"]
[WhiteTeam "Rest of the World"]
[BlackTeam "IND"]
[WhiteTeamCountry "AZE"]
[BlackTeamCountry "IND"]

{[%evp 16,53,19,17,17,12,14,8,14,14,9,0,0,0,0,2,79,64,75,75,102,79,110,78,85,87,102,110,120,0,0,0,0,0,0,0,0,0,0,0]} 1. d4 Nf6 2. c4 e6 3. Nf3 d5 4. Nc3 Bb4 5. Bg5 h6 6. Bxf6 Qxf6 7. e3 O-O 8. Rc1 dxc4 9. Bxc4 c5 {D38: Queen's Gambit Declined: Ragozin Defence (4 Nf3 Bb4).} 10. dxc5 Nd7 11. O-O Nxc5 12. Nb5 Rd8 {[#]} 13. Qe2 $146 ({Predecessor:} 13. Qc2 a6 14. Nbd4 e5 15. a3 Bxa3 16. Nc6 bxc6 17. bxa3 Be6 18. Bxe6 Nxe6 19. Qxc6 {½-½ (50) Kolpak,S (2328)-Van der Plas,R (2324) ICCF email 2016}) 13... Ba5 14. a3 {b4 is the strong threat.} Ne4 15. Bd3 Nd6 {[#]} (15... Ng5 $1 $11 {remains equal.}) 16. Nxd6 $1 $16 Rxd6 17. Rfd1 Rd8 18. Be4 a6 19. b4 Bb6 20. Rxd8+ Qxd8 21. Ne5 f5 22. Qh5 (22. Bf3 $16) 22... fxe4 $11 {The position is equal.} 23. Qf7+ Kh7 {[#] White must now prevent ...Qg5.} 24. Qg6+ Kg8 {Strongly threatening ...Qe7.} 25. Qf7+ Kh7 {And now ...Qg5 would win.} 26. Qg6+ Kg8 {aiming for ...Qe7.} 27. Qf7+ {Accuracy: White = 86%, Black = 76%.} 1/2-1/2

[Event "FIDE Chesscom Online Nations Cup"]
[Site "Online"]
[Date "2020.05.05"]
[Round "2"]
[White "Wei, Yi"]
[Black "Aronian, Levon"]
[Result "1/2-1/2"]
[WhiteElo "2752"]
[BlackElo "2778"]
[Annotator "TA"]
[PlyCount "61"]
[EventDate "2020.05.05"]
[EventType "team-tourn"]
[SourceTitle "playchess.com"]
[Source "ChessBase"]
[SourceQuality "1"]
[WhiteTeam "CHN"]
[BlackTeam "Europe"]
[WhiteTeamCountry "CHN"]
[BlackTeamCountry "ARM"]

{[%evp 13,61,12,7,7,18,5,20,0,0,0,19,0,11,-27,100,0,0,0,16,15,34,25,24,14,23,14,14,14,14,15,24,15,18,16,20,21,23,23,23,23,23,6,6,4,7,0,4,0,0,0]} 1. e4 e5 2. Nf3 Nf6 3. Nxe5 d6 4. Nf3 Nxe4 5. Nc3 Nxc3 6. dxc3 Be7 7. Be3 O-O 8. Qd2 {C42: Petroff Defence: 3 Nxe5 and unusual White 3rd moves.} Nd7 9. O-O-O c6 {9...Nf6 is the modern continuation.} 10. h4 Re8 11. Bd3 d5 12. h5 Nc5 {[#]} 13. Kb1 $146 ({Predecessor:} 13. h6 Nxd3+ 14. Qxd3 g6 15. c4 Bf8 16. cxd5 Qxd5 17. Qxd5 cxd5 18. Rxd5 f6 19. Nd4 {½-½ (36) Greig,S (2186)-Slyusar,V (2194) ICCF email 2018}) 13... Bg4 {[#]} (13... h6 $11) 14. Bxc5 ({White should try} 14. Bxh7+ $1 $16 {[%mdl 512]} Kxh7 15. h6) 14... Bxc5 $11 15. Qf4 Bxf3 16. Qxf3 Qf6 17. Qxf6 gxf6 18. Rh4 Bxf2 19. Rf4 Be3 20. Rxf6 Re5 21. Rdf1 Rf8 22. R6f5 Rxf5 23. Rxf5 {[%mdl 4096] Endgame KRB-KRB} h6 24. c4 Rd8 25. cxd5 Rxd5 26. Rxd5 cxd5 {KB-KB} 27. g4 Kf8 {The position is equal.} 28. Bf5 Ke7 29. Bd3 a5 30. a4 b6 31. Bf5 {Accuracy: White = 88%, Black = 85%.} 1/2-1/2